SANSHKARDIP (Record no. 290110)

MARC details
000 -LEADER
fixed length control field 00326pam a2200133a 44500
008 - FIXED-LENGTH DATA ELEMENTS--GENERAL INFORMATION
fixed length control field 230405s2001 xxu||||| |||| 00| 0 eng d
041 ## - LANGUAGE CODE
Language code of text/sound track or separate title ENG
100 ## - MAIN ENTRY--PERSONAL NAME
Personal name MAGAR DIPAK HANMANTRAO
245 ## - TITLE STATEMENT
Title SANSHKARDIP
260 ## - PUBLICATION, DISTRIBUTION, ETC.
Place of publication, distribution, etc. SATARA
Name of publisher, distributor, etc. MAGAR
Date of publication, distribution, etc. 2001
300 ## - PHYSICAL DESCRIPTION
Extent 672p.
440 ## - SERIES STATEMENT/ADDED ENTRY--TITLE
Title LAD SAHITYA BHANDRA, KARAD, B-283
906 ## - LOCAL DATA ELEMENT F, LDF (RLIN)
a 1232
Holdings
Withdrawn status Lost status Damaged status Not for loan Collection Home library Current library Date acquired Total Checkouts Barcode Date last seen Price effective from Koha item type
          Loknete Mohanrao Kadam College of Agriculture, Kadegaon, Sangli Loknete Mohanrao Kadam College of Agriculture, Kadegaon, Sangli 17/09/2006   AGK-2090 24/04/2025 17/04/2023 Book